000 00285nam a22001337a 4500
008 180924b xxu||||| |||| 00| 0 eng d
020 _a0443079889
041 _aeng
080 _25 ED
_a610
100 _a5
101 _aANE
245 _aAnesthesia
_cMiller.R.D
942 _2udc
_cBK
999 _c48342
_d48342